000 00289nam a22001337a 4500
008 181221b xxu||||| |||| 00| 0 eng d
020 _a0812368908
041 _aeng
080 _a510
100 _a38
101 _aMAT
245 _aIntegrated Mathematics
_cLittell.M
942 _2udc
_cBK
999 _c53591
_d53591